000 00492 a2200193 4500
005 20260128103136.0
008 260127b |||||||| |||| 00| 0 eng d
020 _a9789360617233
_cRs. 3395.00
040 _aMAIN
082 _a571.6
_bA69M
100 _aAsquith, Margot
245 _aMolecular cellular biology
260 _bPinakin Publishing
_c2026
_aNew Delhi
300 _ax, 278
650 _aBiology
650 _aCell Biology
650 _aMolecular Biology
942 _cBK
999 _c394069
_d394069